1341 1466 1112 1820 1103 1507 1818 1129 1999 1482 1124 1778 1373 1125 1659 1665 1038 1699 1507 1620 1193 1382 1624 1281 1146 1336 1123 1453 1810 1979 1452 1469 1774 1641 1687 1892 1387 1890 1784 1632 1935 1200 1083 1554 1231 1361 1175 1173 1998 1230 1073 1564 1395 1471 1624 1109 1071 1616 1963 1047 1702 1877 1238 1826 1864 1921 1178 1397 1938 1753 1971 1120 1172 1197 1906 1329 1653 1484 1255 1128 1366 1056 1533 1118 1322 1031 1735 1335 1888 1041 1777 1401 1576 1321 1196 1951 1498 1107 1460 BCNSPRNW ULIB Ver.6.0+V

เปลี่ยนเป็นภาษาไทย

Change to English
 แสดงรายละเอียดบรรณานุกรม
  กลับหน้าหลัก

Brief Record : Get Marc (ISO 2709) : E-mail record : QR code < ปิดหน้าต่าง
LEADER : 00000nam 2200000uu 4500
001    13399123548
003     ULIB
008    141007s2548||||th 000 0 tha d
060  4 WY16^bค125ก
100 0  คณะผู้เข้าประชุมจากสถาบันพระบรมราชชนกและวิทยาลัยพยาบาลในสังกัด สถานพระบรมราชชนก
245 00 การพยาบาลที่กำลังขับเคลื่อน : ความรู้ นวตกรรม และสิ่งที่สำคัญยิ่งของการพยาบา^/คณะผู้เข้าประชุมจากสถาบันพระบรมราชชนกและวิทยาลัยพยาบาลในสังกัด สถานพระบรมราชชนก
999    ^aเกษร โพธิ์สุวรรณ
รายการนี้ยังไม่มีแท็ก
คุณยังไม่ได้ล็อกอิน คุณสามารถมีกิจกรรมร่วมกับเว็บไซต์ได้ แต่ต้องล็อกอินก่อน ::
  ล็อกอิน

รายการสื่อสารสนเทศ

ลำดับที่ ประเภท เลขเรียก/บาร์โค้ด สถานที่ สถานะ
- ไม่พบข้อมูล -

BibComment


ยังไม่เคยถูกคอมเมนท์

คอมเมนท์ทรัพยากรรายการนี้
  คอมเมนท์: การพยาบาลที่กำลัง..


 Copyright 2026. Bcnsprnw @Library